000 00505nam a2200181 4500
001 116433
003 ES-MaACL
005 20230906190715.0
007 t|
008 061121s1968 sp r ||||1| spa d
100 1 _aOsterrieth, Paul A.
_987817
245 1 0 _aFormar adultos /
_cPaul A. Osterrieth ; traducción de Rosa Arnet.
250 _a1ª. ed.
260 _aBarcelona :
_bEstela,
_c1968.
300 _a142 p. ;
_c19 cm.
700 1 _aArnet, Rosa.
_923090
852 _aES-MaACL
_jC-51227
_bR.66607
999 _c116433
_d116433